Vidas, opiniones y sentencias de los filósofos mas ilustres : tomo i /
Guardado en:
| Autor Principal: | |
|---|---|
| Formato: | Libro |
| Publicado: |
Madrid :
Luis Navarro,
1887
|
| Series: | Biblioteca Clásica; No. 158
|
| Materias: | |
| Etiquetas: |
Agregar Etiqueta
Sin Etiquetas, Sea el primero en etiquetar este registro!
|
| LEADER | 00597nam a22001935a 4500 | ||
|---|---|---|---|
| 001 | CEM.cems010941 | ||
| 005 | 20080303173357.0 | ||
| 008 | 130507s1887##################000#0#####d | ||
| 003 | CEMS | ||
| 082 | 0 | 4 | |a 180 |
| 100 | 1 | |a Laercio, Diógenes | |
| 245 | 1 | 0 | |a Vidas, opiniones y sentencias de los filósofos mas ilustres : |b tomo i / |c Diógenes Laercio : |
| 260 | |a Madrid : |b Luis Navarro, |c 1887 | ||
| 300 | |a 361 p. | ||
| 490 | 0 | |a Biblioteca Clásica; No. 158 | |
| 653 | |a Filosofía | ||
| 653 | |a Filosofía antigua | ||
| 653 | |a Filósofos | ||
| 859 | |a CEMS |b BIB. CEMS - 11 de abril |h 180 |i D621 |p 222.73 |t Ej.1 |v 1 |3 1 | ||
